01446nam a2200313 i 4500003000900000005001700009007000300026008004100029020001500070040003000085082001700115100005500132245009400187264004600281300002900327336002700356337003400383338002800417490003000445500007900475534006700554590002700621700004300648910001400691942001400705952016400719952023200883999001701115DO-SdBNP20241115082534.0ta240403s1984 sp 000 j spa d a8429306900 aDO-SdBNPbspacBNPHUerda axxbD5352221 4aut.aDhotel, Jean-Claude979804d1925-1992eautor10a¿Quién eres tú, Ignacio de Loyola? /cJean-Claude Dhotel ; traducción Felipe Pardo 1aSantander, España :bSal Terrae,c1984. a125 páginas, c21 cm. atextobtxt2rdacontent asin mediación bn2rdamedia avolumenbnc2rdacarrier1 aServidores y testigosv17 aEdición especial autorizada a los PP. Jesuitas, República Dominicana.  aQui es-tu, Ignace de Loyola? /cVie Chrétienne, Paris, 1981. aInventariado, 2024/ YL1 4trad.aPardo, Felipeetraductor985109 aYLockward 2ddccLBS1 00102ddc51708PDaBNPHUbBNPHUcCTd2021-12-16eDonado por el Colegio Nuestra Señora de Lourdesl0oBNPHU PD D535p2024-1778r2024-04-03w2024-04-03yLBS1 00102ddc51708PDaBNPHUbBNPHUcCTd2023-12-01eDonado por la Presidencia de la República Dominicana 2023l0oBNPHU PD D535p2024-6440r2024-11-15te. 2yLBS1zPerteneció a la biblioteca personal de Emilio Cordero Michel c56234d56234